000 01088nam a2200301 a 4500
001 000009725
003 DO-SdBNP
005 20240314191553.0
007 ta
008 240214s2023 dr 000 p spa d
020 _a9789945643930
040 _aDO-SdBNP
_bspa
_cBNPHU
_erda
082 _bC348h
_222
100 1 _aCastellanos Khoury, Justo Pedro
_916526
_eautor
245 1 0 _aHerejías y otras certezas constitucionales /
_cJusto Pedro Castellanos Khoury ; presentación Milton Ray Guevara
264 _aSanto Domingo :
_bTribunal Constitucional de la República Dominicana,
_bCentro de Estudios Constitucionales,
_c2023
300 _a2 volumen ;
_c24 cm.
336 _2rdacontent
_atexto
_btxt
337 _2rdamedia
_asin mediación
_bn
338 _2rdacarrier
_avolumen
_bnc
490 _aJUDEX
500 _aIncluye datos y referencias a pie de páginas.
504 _aEl volumen 2 incluye bibliografías en las páginas: 1445-1458.
590 _aInventariado, 2024/DG
700 1 _aMilton Ray Guevara
_d1948-
_epresentación
_978143
910 _aDG
942 _2ddc
_cLBS1
999 _c55941
_d55941